[Event "DSJ Weihnachtsturnier U20 2020"]
[Site "https://play.chessbase.com/en/play?room=DSJWeihnachtU20"]
[Date "2020.12.29"]
[Round "2"]
[White "Eull, Emil"]
[Black "Biastoch, Bennet"]
[Result "0-1"]
[Termination "normal"]
[Board "3.3"]
[BlackTitle "FM"]
[WhiteElo "1662"]
[BlackElo "2266"]
[WhiteTeam "SF Neuberg"]
[BlackTeam "SG Aufbau Elbe Magdeburg"]
[PlyCount "126"]
[WhiteFideId "16253809"]
[BlackFideId "12939889"]
[EventRounds "7"]
[EventType "team-swiss"]
[EventDate "2020.12.29"]

1. c4 {[%emt 0:00:04]} e5 {[%emt 0:00:03]} 2. Nc3 {[%emt 0:00:03]} Nf6 { [%emt
0:00:03]} 3. Nf3 {[%emt 0:00:11]} Nc6 {[%emt 0:00:03]} 4. e3 {[%emt 0:00:21]}
Bb4 {[%emt 0:01:15]} 5. Qc2 {[%emt 0:00:03]} Bxc3 {[%emt 0:00:13]} 6. Qxc3
{[%emt 0:00:04]} Qe7 {[%emt 0:00:12]} 7. d4 {[%emt 0:00:23]} exd4 {[%emt
0:00:31]} 8. Nxd4 {[%emt 0:00:03]} Nxd4 {[%emt 0:00:06]} 9. Qxd4 {[%emt
0:00:01]} d6 {[%emt 0:00:01]} 10. Bd3 {[%emt 0:00:28]} Bg4 {[%emt 0:00:17]} 11.
O-O { [%emt 0:00:12]} O-O {[%emt 0:00:04]} 12. b3 {[%emt 0:00:53]} Qe5 {[%emt
0:00:41]} 13. Qxe5 {[%emt 0:00:18]} dxe5 {[%emt 0:00:00]} 14. f3 {[%emt
0:00:03]} Bh5 {[%emt 0:00:31]} 15. Bb2 {[%emt 0:00:07]} Rad8 {[%emt 0:00:32]}
16. Rad1 { [%emt 0:00:31]} Rfe8 {[%emt 0:00:38]} 17. Bc2 {[%emt 0:00:30]} Rd7
{[%emt 0:01:32]} 18. Rxd7 {[%emt 0:00:31]} Nxd7 {[%emt 0:00:00]} 19. Rd1 {[%emt
0:00:04]} Nf6 {[%emt 0:00:05]} 20. g4 {[%emt 0:00:48]} Bg6 {[%emt 0:00:09]} 21.
e4 { [%emt 0:00:06]} h6 {[%emt 0:00:08]} 22. h4 {[%emt 0:00:04]} b6 {[%emt
0:01:13]} 23. b4 {[%emt 0:00:22]} Kf8 {[%emt 0:00:08]} 24. Bb3 {[%emt 0:00:12]}
c5 { [%emt 0:00:08]} 25. bxc5 {[%emt 0:00:06]} bxc5 {[%emt 0:00:00]} 26. Ba4 {
[%emt 0:00:32]} Re6 {[%emt 0:00:27]} 27. Rd8+ {[%emt 0:00:08]} Ke7 {[%emt
0:00:03]} 28. Rc8 {[%emt 0:00:26]} Ra6 {[%emt 0:00:09]} 29. Bb3 {[%emt
0:00:17]} Nd7 {[%emt 0:00:01]} 30. h5 {[%emt 0:00:17]} Bh7 {[%emt 0:00:16]} 31.
Bc1 {[%emt 0:01:35]} g6 {[%emt 0:00:20]} 32. Bxh6 {[%emt 0:00:07]} gxh5 {[%emt
0:00:02]} 33. Be3 {[%emt 0:00:33]} hxg4 {[%emt 0:00:03]} 34. Bxc5+ {[%emt
0:00:12]} Nxc5 { [%emt 0:00:13]} 35. Rxc5 {[%emt 0:00:00]} Kf6 {[%emt 0:00:17]}
36. Kf2 { [%emt 0:00:12]} Bg6 {[%emt 0:00:10]} 37. Kg3 {[%emt 0:00:10]} gxf3
{[%emt 0:00:04]} 38. Kxf3 {[%emt 0:00:00]} Rd6 {[%emt 0:00:01] Neuberg003
offers a draw} 39. Rd5 {[%emt 0:00:09]} Rxd5 {[%emt 0:00:03]} 40. cxd5 {[%emt
0:00:03]} Ke7 { [%emt 0:00:01]} 41. Bc2 {[%emt 0:00:01]} Kd6 {[%emt 0:00:01]}
42. Ke3 {[%emt 0:00:01]} f6 {[%emt 0:00:01]} 43. a4 {[%emt 0:00:01]} Kc5 {[%emt
0:00:01]} 44. Kf3 {[%emt 0:00:02]} a5 {[%emt 0:00:01]} 45. Ke3 {[%emt 0:00:01]}
Be8 {[%emt 0:00:01]} 46. Kf3 {[%emt 0:00:03]} Bd7 {[%emt 0:00:01]} 47. Ke3
{[%emt 0:00:01]} Kc4 {[%emt 0:00:01]} 48. Kf3 {[%emt 0:00:07]} Kc3 {[%emt
0:00:01]} 49. Bd1 { [%emt 0:00:01]} Kd2 {[%emt 0:00:01]} 50. Bb3 {[%emt
0:00:01]} Kd3 {[%emt 0:00:01]} 51. d6 {[%emt 0:00:03]} Kd4 {[%emt 0:00:03]} 52.
Bc2 {[%emt 0:00:04]} Kc5 {[%emt 0:00:01]} 53. Ke3 {[%emt 0:00:03]} Kxd6 {[%emt
0:00:01]} 54. Kd3 { [%emt 0:00:01]} Kc5 {[%emt 0:00:01]} 55. Kc3 {[%emt
0:00:01]} Bc6 {[%emt 0:00:01] Neuberg003 offers a draw} 56. Bd3 {[%emt
0:00:02]} Bxa4 {[%emt 0:00:02]} 57. Kb2 {[%emt 0:00:02]} Bb5 {[%emt 0:00:01]}
58. Bb1 {[%emt 0:00:02]} Kd4 { [%emt 0:00:01]} 59. Ka3 {[%emt 0:00:01]} Bd3
{[%emt 0:00:01]} 60. Ba2 {[%emt 0:00:03]} Bxe4 {[%emt 0:00:01]} 61. Ka4 {[%emt
0:00:00]} Bd3 {[%emt 0:00:01]} 62. Kxa5 {[%emt 0:00:01]} e4 {[%emt 0:00:00]}
63. Kb6 {[%emt 0:00:00]} e3 {[%emt 0:00:01]} 0-1

[Event "DSJ Weihnachtsturnier U20 2020"]
[Site "https://play.chessbase.com/en/play?room=DSJWeihnachtU20"]
[Date "2020.12.29"]
[Round "2"]
[White "Faßhauer, Jacob"]
[Black "Schmider, Niklas"]
[Result "0-1"]
[Termination "normal"]
[Board "4.2"]
[BlackTitle "FM"]
[WhiteElo "2127"]
[BlackElo "2303"]
[WhiteTeam "Schachgemeinschaft Leipzig"]
[BlackTeam "OSG Baden-Baden"]
[PlyCount "106"]
[WhiteFideId "12990167"]
[BlackFideId "12993778"]
[EventRounds "7"]
[EventType "team-swiss"]
[EventDate "2020.12.29"]

1. e4 {[%emt 0:00:16]} c5 {[%emt 0:00:02]} 2. c3 {[%emt 0:00:03]} Nf6 {[%emt
0:00:12]} 3. e5 {[%emt 0:00:02]} Nd5 {[%emt 0:00:02]} 4. d4 {[%emt 0:00:02]}
cxd4 {[%emt 0:00:01]} 5. cxd4 {[%emt 0:00:01]} d6 {[%emt 0:00:02]} 6. Nf3
{[%emt 0:00:02]} Nc6 {[%emt 0:00:02]} 7. Bc4 {[%emt 0:00:02]} dxe5 {[%emt
0:00:12]} 8. Nxe5 {[%emt 0:00:25]} e6 {[%emt 0:01:04]} 9. O-O {[%emt 0:00:11]}
Be7 {[%emt 0:00:11]} 10. Nc3 {[%emt 0:00:50]} Nxc3 {[%emt 0:00:14]} 11. bxc3
{[%emt 0:00:03] } Nxe5 {[%emt 0:00:03]} 12. dxe5 {[%emt 0:00:01]} O-O {[%emt
0:00:05]} 13. Qe2 {[%emt 0:00:29]} Bd7 {[%emt 0:00:13]} 14. Rd1 {[%emt
0:00:03]} Qc7 {[%emt 0:00:04]} 15. Bf4 {[%emt 0:00:27]} Rfd8 {[%emt 0:00:27]}
16. Bd3 {[%emt 0:00:21]} Bc6 {[%emt 0:01:47]} 17. Rab1 {[%emt 0:00:29]} Rd7
{[%emt 0:00:06]} 18. Be4 { [%emt 0:01:33]} Rad8 {[%emt 0:00:06]} 19. Rxd7
{[%emt 0:00:14]} Rxd7 {[%emt 0:00:00]} 20. h3 {[%emt 0:00:08]} Bxe4 {[%emt
0:00:38]} 21. Qxe4 {[%emt 0:00:03]} h6 {[%emt 0:00:02]} 22. Be3 {[%emt
0:00:23]} b6 {[%emt 0:00:17]} 23. Bd4 { [%emt 0:00:08]} Rd5 {[%emt 0:00:26]}
24. f4 {[%emt 0:00:28]} Qc4 {[%emt 0:00:11]} 25. f5 {[%emt 0:01:10]} Bc5 {[%emt
0:01:09]} 26. fxe6 {[%emt 0:00:02]} fxe6 {[%emt 0:00:05]} 27. Kh1 {[%emt
0:00:20]} Bxd4 {[%emt 0:00:08]} 28. cxd4 { [%emt 0:00:01]} Qxd4 {[%emt
0:00:03]} 29. Qg6 {[%emt 0:00:02]} Qxe5 {[%emt 0:00:14]} 30. Rc1 {[%emt
0:00:39]} Rd8 {[%emt 0:00:19]} 31. Qb1 {[%emt 0:01:08]} Qg5 {[%emt 0:00:22]}
32. Re1 {[%emt 0:00:13]} Rd2 {[%emt 0:00:05]} 33. Qe4 { [%emt 0:00:03]} Qf5
{[%emt 0:00:16]} 34. Qa8+ {[%emt 0:00:30]} Kh7 {[%emt 0:00:03]} 35. Qxa7 {[%emt
0:00:01]} Qf2 {[%emt 0:00:24]} 36. Rg1 {[%emt 0:00:01]} Rxa2 {[%emt 0:00:06]}
37. Qd7 {[%emt 0:00:01]} Qf5 {[%emt 0:00:42]} 38. Qb7 { [%emt 0:00:05]} b5
{[%emt 0:00:03]} 39. Qb6 {[%emt 0:00:09]} Ra3 {[%emt 0:00:08]} 40. Re1 {[%emt
0:00:08]} Rb3 {[%emt 0:00:38]} 41. Qg1 {[%emt 0:00:00]} b4 {[%emt 0:00:03]} 42.
Rf1 {[%emt 0:00:00]} Qg6 {[%emt 0:00:02]} 43. Re1 { [%emt 0:00:01]} Rg3 {[%emt
0:00:01]} 44. Rf1 {[%emt 0:00:01]} b3 {[%emt 0:00:01]} 45. Rb1 {[%emt 0:00:01]}
Rc3 {[%emt 0:00:02]} 46. Rb2 {[%emt 0:00:01]} Qd3 {[%emt 0:00:02]} 47. Qb1
{[%emt 0:00:09]} Qxb1+ {[%emt 0:00:01]} 48. Rxb1 { [%emt 0:00:00]} Kg6 {[%emt
0:00:00]} 49. Kh2 {[%emt 0:00:01]} Kf5 {[%emt 0:00:01]} 50. Kg1 {[%emt
0:00:02]} Ke4 {[%emt 0:00:01]} 51. Kf2 {[%emt 0:00:01]} Kd3 {[%emt 0:00:00]}
52. Ke1 {[%emt 0:00:02]} Kc2 {[%emt 0:00:01]} 53. Ra1 { [%emt 0:00:01]} b2
{[%emt 0:00:00]} 0-1

[Event "DSJ Weihnachtsturnier U20 2020"]
[Site "https://play.chessbase.com/en/play?room=DSJWeihnachtU20"]
[Date "2020.12.29"]
[Round "2"]
[White "Doll, Alexander"]
[Black "Haufe, Laurin"]
[Result "0-1"]
[Termination "normal"]
[Board "4.3"]
[WhiteElo "2136"]
[BlackElo "2052"]
[WhiteTeam "OSG Baden-Baden"]
[BlackTeam "Schachgemeinschaft Leipzig"]
[PlyCount "86"]
[WhiteFideId "16228294"]
[BlackFideId "12976504"]
[EventRounds "7"]
[EventType "team-swiss"]
[EventDate "2020.12.29"]

1. e4 {[%emt 0:00:05]} c5 {[%emt 0:00:01]} 2. Nf3 {[%emt 0:00:09]} d6 {[%emt
0:00:01]} 3. d4 {[%emt 0:00:03]} cxd4 {[%emt 0:00:00]} 4. Nxd4 {[%emt 0:00:01]}
Nf6 {[%emt 0:00:01]} 5. Nc3 {[%emt 0:00:11]} a6 {[%emt 0:00:01]} 6. Be3 { [%emt
0:00:06]} e5 {[%emt 0:00:02]} 7. Nb3 {[%emt 0:00:03]} Be7 {[%emt 0:00:01] } 8.
f3 {[%emt 0:00:02]} O-O {[%emt 0:00:01]} 9. Qd2 {[%emt 0:00:02]} Be6 { [%emt
0:00:02]} 10. O-O-O {[%emt 0:00:04]} b5 {[%emt 0:00:02]} 11. g4 {[%emt
0:00:05]} Nbd7 {[%emt 0:00:03]} 12. g5 {[%emt 0:00:04]} Nh5 {[%emt 0:00:01]}
13. Be2 {[%emt 0:00:09]} Qc7 {[%emt 0:00:23]} 14. Kb1 {[%emt 0:00:23]} b4
{[%emt 0:00:15]} 15. Nd5 {[%emt 0:00:43]} Bxd5 {[%emt 0:00:03]} 16. Qxd5 {[%emt
0:00:00] } a5 {[%emt 0:00:07]} 17. Rc1 {[%emt 0:01:08]} a4 {[%emt 0:00:14]} 18.
Nd2 { [%emt 0:00:42]} Nb6 {[%emt 0:00:20]} 19. Bxb6 {[%emt 0:00:48]} Qxb6
{[%emt 0:00:00]} 20. Nc4 {[%emt 0:00:26]} Qc7 {[%emt 0:00:12]} 21. Qd2 {[%emt
0:00:22]} Nf4 {[%emt 0:00:10]} 22. h4 {[%emt 0:00:13]} Rfc8 {[%emt 0:00:40]}
23. Ne3 { [%emt 0:00:10]} a3 {[%emt 0:00:08]} 24. Bc4 {[%emt 0:00:37]} axb2
{[%emt 0:00:10]} 25. Kxb2 {[%emt 0:00:27]} Ra3 {[%emt 0:00:23]} 26. Bb3 {[%emt
0:00:10]} Rca8 {[%emt 0:00:50]} 27. Nd5 {[%emt 0:00:36]} Nxd5 {[%emt 0:00:02]}
28. Qxd5 { [%emt 0:00:06]} Bf8 {[%emt 0:00:33]} 29. c3 {[%emt 0:00:08]} bxc3+
{[%emt 0:00:14]} 30. Rxc3 {[%emt 0:00:00]} Qa7 {[%emt 0:00:21]} 31. Ra1 {[%emt
0:01:16]} Ra5 {[%emt 0:00:14]} 32. Qd2 {[%emt 0:00:40]} d5 {[%emt 0:00:13]} 33.
Bxd5 { [%emt 0:00:07]} Rb8+ {[%emt 0:00:14]} 34. Rb3 {[%emt 0:00:08]} Ba3+
{[%emt 0:00:04]} 35. Kc2 {[%emt 0:00:25]} Rc8+ {[%emt 0:01:22]} 36. Kd1 {[%emt
0:00:17]} Qg1+ {[%emt 0:00:11]} 37. Qe1 {[%emt 0:00:01]} Qd4+ {[%emt 0:00:02]}
38. Ke2 { [%emt 0:00:02]} Rc2+ {[%emt 0:00:27]} 39. Kf1 {[%emt 0:00:03]} Rh2
{[%emt 0:00:31]} 40. Rb8+ {[%emt 0:00:09]} Bf8 {[%emt 0:00:02]} 41. Qg3 {[%emt
0:00:05]} Rh1+ {[%emt 0:00:07]} 42. Kg2 {[%emt 0:00:01]} Qxa1 {[%emt 0:00:06]}
43. Rb7 { [%emt 0:00:02]} Qf1# {[%emt 0:00:05]} 0-1

[Event "DSJ Weihnachtsturnier U20 2020"]
[Site "https://play.chessbase.com/en/play?room=DSJWeihnachtU20"]
[Date "2020.12.29"]
[Round "2"]
[White "Knüpfer, Tim"]
[Black "Martin, Richard"]
[Result "1-0"]
[Termination "normal"]
[Board "4.4"]
[WhiteElo "1885"]
[BlackElo "1923"]
[WhiteTeam "Schachgemeinschaft Leipzig"]
[BlackTeam "OSG Baden-Baden"]
[PlyCount "61"]
[WhiteFideId "16217489"]
[BlackFideId "12925691"]
[EventRounds "7"]
[EventType "team-swiss"]
[EventDate "2020.12.29"]

1. e4 {[%emt 0:00:03]} c5 {[%emt 0:00:13]} 2. Nf3 {[%emt 0:00:02]} d6 {[%emt
0:00:07]} 3. d4 {[%emt 0:00:01]} cxd4 {[%emt 0:00:01]} 4. Nxd4 {[%emt 0:00:01]}
Nf6 {[%emt 0:00:00]} 5. Nc3 {[%emt 0:00:01]} a6 {[%emt 0:00:03]} 6. Bg5 { [%emt
0:00:01]} Nbd7 {[%emt 0:00:02]} 7. f4 {[%emt 0:00:02]} h6 {[%emt 0:00:04] } 8.
Bxf6 {[%emt 0:01:33]} Nxf6 {[%emt 0:00:02]} 9. Qe2 {[%emt 0:00:03]} Qc7 { [%emt
0:00:06]} 10. O-O-O {[%emt 0:00:02]} Bg4 {[%emt 0:00:07]} 11. Nf3 { [%emt
0:00:12]} g6 {[%emt 0:00:14]} 12. e5 {[%emt 0:01:42]} dxe5 {[%emt 0:00:04]} 13.
fxe5 {[%emt 0:00:01]} Nh7 {[%emt 0:00:42]} 14. Nd5 {[%emt 0:00:53]} Qa5 {[%emt
0:00:04]} 15. Qe4 {[%emt 0:00:38]} Bxf3 {[%emt 0:00:37]} 16. Qa4+ { [%emt
0:00:17]} b5 {[%emt 0:00:36]} 17. Qxa5 {[%emt 0:00:03]} Bxd5 {[%emt 0:00:08]}
18. Rxd5 {[%emt 0:00:02]} Bg7 {[%emt 0:00:01]} 19. Bxb5+ {[%emt 0:00:06]} Kf8
{[%emt 0:00:06]} 20. Rhd1 {[%emt 0:00:05]} f5 {[%emt 0:00:13]} 21. e6 { [%emt
0:00:08]} Bf6 {[%emt 0:00:10]} 22. Rd8+ {[%emt 0:00:06]} Kg7 {[%emt 0:00:01]}
23. Rxh8 {[%emt 0:00:04]} Rxh8 {[%emt 0:00:02]} 24. Qxa6 {[%emt 0:00:06]} Ng5
{[%emt 0:00:02]} 25. Qb6 {[%emt 0:00:11]} Ne4 {[%emt 0:00:08]} 26. Rd8 { [%emt
0:00:05]} Bg5+ {[%emt 0:00:10]} 27. Kb1 {[%emt 0:00:10]} Be3 {[%emt 0:00:01]}
28. Qc7 {[%emt 0:00:15]} Nd2+ {[%emt 0:00:13]} 29. Rxd2 {[%emt 0:00:11]} Bxd2
{[%emt 0:00:05]} 30. Qxe7+ {[%emt 0:00:01]} Kg8 {[%emt 0:00:01]} 31. Qf7#
{[%emt 0:00:02]} 1-0

[Event "DSJ Weihnachtsturnier U20 2020"]
[Site "https://play.chessbase.com/en/play?room=DSJWeihnachtU20"]
[Date "2020.12.29"]
[Round "2"]
[White "Keyser, Robin"]
[Black "Suvorov, Alexander"]
[Result "0-1"]
[Termination "normal"]
[Board "5.1"]
[BlackTitle "FM"]
[WhiteElo "2070"]
[BlackElo "2353"]
[WhiteTeam "SK Johanneum Eppendorf"]
[BlackTeam "Schachgemeinschaft Porz"]
[PlyCount "150"]
[WhiteFideId "12986429"]
[BlackFideId "12977063"]
[EventRounds "7"]
[EventType "team-swiss"]
[EventDate "2020.12.29"]

1. d4 {[%emt 0:00:06]} Nf6 {[%emt 0:00:01]} 2. c4 {[%emt 0:00:03]} e6 {[%emt
0:00:01]} 3. g3 {[%emt 0:00:01]} d5 {[%emt 0:00:02]} 4. Nf3 {[%emt 0:00:02]}
dxc4 {[%emt 0:00:05]} 5. Bg2 {[%emt 0:00:02]} Nc6 {[%emt 0:00:02]} 6. O-O
{[%emt 0:00:01]} Rb8 {[%emt 0:00:01]} 7. Qc2 {[%emt 0:00:09]} b5 {[%emt
0:00:04]} 8. b3 {[%emt 0:00:13]} Nb4 {[%emt 0:00:11] SKJE1-001 reconnected.} 9.
Qb2 {[%emt 0:00:18]} Bb7 {[%emt 0:00:38]} 10. Nc3 {[%emt 0:00:24]} a6 {[%emt
0:00:20]} 11. Rd1 {[%emt 0:00:19]} Be7 {[%emt 0:00:17]} 12. bxc4 {[%emt
0:00:20]} bxc4 { [%emt 0:00:02]} 13. Bf4 {[%emt 0:00:47]} O-O {[%emt 0:00:22]}
14. Na4 {[%emt 0:00:17]} Bd5 {[%emt 0:01:01]} 15. Qc1 {[%emt 0:00:36]} a5
{[%emt 0:00:59]} 16. Nb2 {[%emt 0:00:14]} c3 {[%emt 0:00:16]} 17. Qxc3 {[%emt
0:00:03]} Nxa2 { [%emt 0:00:01]} 18. Qc2 {[%emt 0:01:37]} Bd6 {[%emt 0:00:27]}
19. Nd3 {[%emt 0:00:14]} Bb3 {[%emt 0:00:30]} 20. Qd2 {[%emt 0:00:23]} Bxd1
{[%emt 0:00:07]} 21. Rxa2 {[%emt 0:00:12]} Bb3 {[%emt 0:00:28]} 22. Rxa5 {[%emt
0:00:02]} Bd5 { [%emt 0:00:01]} 23. Nfe5 {[%emt 0:00:23]} Rb1+ {[%emt 0:00:09]}
24. Bf1 { [%emt 0:00:01]} Ne4 {[%emt 0:00:12]} 25. Qc2 {[%emt 0:00:14]} Rb8
{[%emt 0:00:34]} 26. Nc6 {[%emt 0:00:06]} Bxc6 {[%emt 0:00:06]} 27. Qxc6 {[%emt
0:00:00]} Nf6 {[%emt 0:00:16]} 28. Ne5 {[%emt 0:00:19]} Rb1 {[%emt 0:00:03]}
29. Qc2 { [%emt 0:00:12]} Qb8 {[%emt 0:00:06]} 30. Kg2 {[%emt 0:00:37]} Qb4
{[%emt 0:00:29]} 31. Bd2 {[%emt 0:00:16]} Qb2 {[%emt 0:00:09]} 32. Qd3 {[%emt
0:00:36]} Rd1 {[%emt 0:00:18]} 33. Nc4 {[%emt 0:00:10]} Qb7+ {[%emt 0:00:01]}
34. f3 { [%emt 0:00:04]} Bb4 {[%emt 0:00:09]} 35. Qb3 {[%emt 0:00:17]} Rxd2
{[%emt 0:00:28]} 36. Nxd2 {[%emt 0:00:07]} Rb8 {[%emt 0:00:01]} 37. Ra2 {[%emt
0:00:06]} Qd5 {[%emt 0:00:36]} 38. Qxd5 {[%emt 0:00:08]} Nxd5 {[%emt 0:00:00]}
39. Nc4 { [%emt 0:00:02]} Be7 {[%emt 0:00:08]} 40. Ne5 {[%emt 0:00:03]} Bf8
{[%emt 0:00:10]} 41. Kf2 {[%emt 0:00:16]} g6 {[%emt 0:00:11]} 42. Nd7 {[%emt
0:00:02]} Rd8 {[%emt 0:00:04]} 43. Nxf8 {[%emt 0:00:06]} Kxf8 {[%emt 0:00:00]}
44. Ra7 { [%emt 0:00:05]} f5 {[%emt 0:00:21]} 45. e4 {[%emt 0:00:16]} fxe4
{[%emt 0:00:00]} 46. fxe4 {[%emt 0:00:00]} Nf6 {[%emt 0:00:00]} 47. Rxc7 {[%emt
0:00:11]} Rxd4 {[%emt 0:00:04]} 48. Bg2 {[%emt 0:00:10]} Rd2+ {[%emt 0:00:08]}
49. Kf3 { [%emt 0:00:01]} e5 {[%emt 0:00:08]} 50. Rc8+ {[%emt 0:00:04]} Kg7
{[%emt 0:00:02]} 51. Rc7+ {[%emt 0:00:01]} Kh6 {[%emt 0:00:05]} 52. Rc6 {[%emt
0:00:08]} Kg7 {[%emt 0:00:15]} 53. Rc7+ {[%emt 0:00:02]} Rd7 {[%emt 0:00:01]}
54. Rc5 { [%emt 0:00:07]} Re7 {[%emt 0:00:04]} 55. Bh3 {[%emt 0:00:02]} h5
{[%emt 0:00:02]} 56. Bc8 {[%emt 0:00:02]} Rf7 {[%emt 0:00:03]} 57. Ke3 {[%emt
0:00:02]} Re7 {[%emt 0:00:02]} 58. Bh3 {[%emt 0:00:03]} Nh7 {[%emt 0:00:02]}
59. Bg2 { [%emt 0:00:04]} Ng5 {[%emt 0:00:01]} 60. h4 {[%emt 0:00:02]} Nf7
{[%emt 0:00:01]} 61. Bh3 {[%emt 0:00:01]} Kf6 {[%emt 0:00:02]} 62. Rc6+ {[%emt
0:00:01]} Kg7 {[%emt 0:00:01]} 63. Rb6 {[%emt 0:00:04]} Rc7 {[%emt 0:00:03]}
64. Rb3 { [%emt 0:00:02]} Nd6 {[%emt 0:00:02]} 65. Rd3 {[%emt 0:00:01]} Nc4+
{[%emt 0:00:02]} 66. Kf3 {[%emt 0:00:01]} Rf7+ {[%emt 0:00:02]} 67. Ke2 {[%emt
0:00:01]} Rf6 {[%emt 0:00:02]} 68. Rc3 {[%emt 0:00:03]} Nd6 {[%emt 0:00:01]}
69. Rc7+ { [%emt 0:00:01]} Kh6 {[%emt 0:00:01]} 70. Ke3 {[%emt 0:00:01]} Nb5
{[%emt 0:00:01]} 71. Rb7 {[%emt 0:00:02]} Nd4 {[%emt 0:00:01]} 72. Re7 {[%emt
0:00:02]} Rf3+ {[%emt 0:00:02]} 73. Kd2 {[%emt 0:00:01]} Rxg3 {[%emt 0:00:01]}
74. Bf1 { [%emt 0:00:01]} Rg4 {[%emt 0:00:02]} 75. Rxe5 {[%emt 0:00:01]} Nf3+
{[%emt 0:00:01]} 0-1

[Event "DSJ Weihnachtsturnier U20 2020"]
[Site "https://play.chessbase.com/en/play?room=DSJWeihnachtU20"]
[Date "2020.12.29"]
[Round "2"]
[White "Suvorov, Luca"]
[Black "Keyser, Philipp"]
[Result "1-0"]
[Termination "normal"]
[Board "5.2"]
[WhiteTitle "FM"]
[WhiteElo "2279"]
[BlackElo "2030"]
[WhiteTeam "Schachgemeinschaft Porz"]
[BlackTeam "SK Johanneum Eppendorf"]
[PlyCount "71"]
[WhiteFideId "12977071"]
[BlackFideId "12986437"]
[EventRounds "7"]
[EventType "team-swiss"]
[EventDate "2020.12.29"]

1. d4 {[%emt 0:00:06]} Nf6 {[%emt 0:00:02]} 2. c4 {[%emt 0:00:01]} g6 {[%emt
0:00:01]} 3. f3 {[%emt 0:00:02]} c5 {[%emt 0:00:05]} 4. d5 {[%emt 0:00:02]} d6
{ [%emt 0:00:03]} 5. e4 {[%emt 0:00:01]} Bg7 {[%emt 0:00:02]} 6. Ne2 {[%emt
0:00:01]} O-O {[%emt 0:00:02]} 7. Nec3 {[%emt 0:00:14]} e6 {[%emt 0:00:03]} 8.
Be3 { [%emt 0:00:02]} exd5 {[%emt 0:00:02]} 9. cxd5 {[%emt 0:00:01]} Nbd7
{[%emt 0:00:14]} 10. Be2 {[%emt 0:00:09]} a6 {[%emt 0:00:07]} 11. a4 {[%emt
0:00:02]} Ne5 {[%emt 0:00:12]} 12. O-O {[%emt 0:00:04]} Rb8 {[%emt 0:00:07]}
13. Na3 { [%emt 0:00:06]} Bd7 {[%emt 0:00:14]} 14. h3 {[%emt 0:00:16]} Be8
{[%emt 0:00:25]} 15. f4 {[%emt 0:00:09]} Ned7 {[%emt 0:00:02]} 16. Nc4 {[%emt
0:00:02]} Qc7 {[%emt 0:00:05]} 17. a5 {[%emt 0:00:30]} b5 {[%emt 0:00:02]} 18.
axb6 {[%emt 0:00:21]} Nxb6 {[%emt 0:00:01]} 19. Na5 {[%emt 0:01:26]} Bb5 {[%emt
0:00:31]} 20. Re1 {[%emt 0:03:10]} Rfe8 {[%emt 0:00:17]} 21. Bxb5 {[%emt
0:00:44]} axb5 { [%emt 0:00:02]} 22. Nxb5 {[%emt 0:00:03]} Qd7 {[%emt 0:00:01]}
23. Nc6 { [%emt 0:00:13]} Ra8 {[%emt 0:00:01]} 24. Rxa8 {[%emt 0:00:06]} Rxa8
{[%emt 0:00:01]} 25. Nc3 {[%emt 0:00:03]} Nh5 {[%emt 0:00:18]} 26. Qb3 {[%emt
0:01:10]} Nc8 {[%emt 0:00:47]} 27. e5 {[%emt 0:00:31]} dxe5 {[%emt 0:00:06]}
28. fxe5 { [%emt 0:00:02]} Ne7 {[%emt 0:00:13]} 29. e6 {[%emt 0:00:25]} fxe6
{[%emt 0:00:02]} 30. Nxe7+ {[%emt 0:00:01]} Qxe7 {[%emt 0:00:02]} 31. dxe6
{[%emt 0:00:00]} Re8 {[%emt 0:00:29]} 32. Nd5 {[%emt 0:00:02]} Qxe6 {[%emt
0:00:09]} 33. Bf2 { [%emt 0:00:01]} Qxe1+ {[%emt 0:00:12]} 34. Bxe1 {[%emt
0:00:03]} Rxe1+ { [%emt 0:00:00]} 35. Kf2 {[%emt 0:00:02]} Re6 {[%emt 0:00:19]}
36. Nc7 {[%emt 0:00:08]} 1-0

[Event "DSJ Weihnachtsturnier U20 2020"]
[Site "https://play.chessbase.com/en/play?room=DSJWeihnachtU20"]
[Date "2020.12.29"]
[Round "2"]
[White "Killgus, Leonard"]
[Black "Gallasch, Jonas"]
[Result "1-0"]
[Termination "normal"]
[Board "5.3"]
[WhiteElo "1962"]
[BlackElo "2112"]
[WhiteTeam "SK Johanneum Eppendorf"]
[BlackTeam "Schachgemeinschaft Porz"]
[PlyCount "75"]
[WhiteFideId "12922021"]
[BlackFideId "16222474"]
[EventRounds "7"]
[EventType "team-swiss"]
[EventDate "2020.12.29"]

1. e4 {[%emt 0:00:04]} c6 {[%emt 0:00:03]} 2. d4 {[%emt 0:00:52]} d5 {[%emt
0:00:02]} 3. Nd2 {[%emt 0:00:03]} dxe4 {[%emt 0:00:05]} 4. Nxe4 {[%emt
0:00:00]} Bf5 {[%emt 0:00:02]} 5. Ng3 {[%emt 0:00:02]} Bg6 {[%emt 0:00:04]} 6.
h4 { [%emt 0:00:07]} h6 {[%emt 0:00:01]} 7. Nf3 {[%emt 0:00:02]} Nd7 {[%emt
0:00:01] } 8. h5 {[%emt 0:00:02]} Bh7 {[%emt 0:00:01]} 9. Bd3 {[%emt 0:00:01]}
Bxd3 { [%emt 0:00:01]} 10. Qxd3 {[%emt 0:00:00]} e6 {[%emt 0:00:00]} 11. Bd2
{[%emt 0:00:02]} Ngf6 {[%emt 0:00:01]} 12. O-O-O {[%emt 0:00:03]} Be7 {[%emt
0:00:01]} 13. Qe2 {[%emt 0:00:03]} O-O {[%emt 0:00:28]} 14. Nf1 {[%emt
0:00:04]} Qc7 { [%emt 0:00:43]} 15. g4 {[%emt 0:00:56]} Nd5 {[%emt 0:01:38]}
16. Kb1 {[%emt 0:02:47]} Nf4 {[%emt 0:02:14]} 17. Qe4 {[%emt 0:00:13]} Bg5
{[%emt 0:00:02]} 18. Ne5 {[%emt 0:00:16]} Nf6 {[%emt 0:00:11]} 19. Qxf4 {[%emt
0:00:38]} Bxf4 { [%emt 0:00:06]} 20. Bxf4 {[%emt 0:00:00]} Qa5 {[%emt 0:00:47]}
21. Ng3 { [%emt 0:01:30]} Rad8 {[%emt 0:01:13]} 22. g5 {[%emt 0:00:25]} hxg5
{[%emt 0:00:50]} 23. Bxg5 {[%emt 0:00:00]} Rxd4 {[%emt 0:00:08]} 24. Rxd4
{[%emt 0:00:36]} Qxe5 {[%emt 0:00:02]} 25. Be3 {[%emt 0:00:03]} c5 {[%emt
0:00:16]} 26. Rdh4 { [%emt 0:00:21]} Rd8 {[%emt 0:00:27]} 27. Bf4 {[%emt
0:00:33]} Qd5 {[%emt 0:00:16]} 28. Bc1 {[%emt 0:00:04]} Kh7 {[%emt 0:00:10]}
29. b3 {[%emt 0:00:14]} Ng8 {[%emt 0:00:16] Porz1-003 offers a draw} 30. Bb2
{[%emt 0:00:02]} Nh6 {[%emt 0:00:02]} 31. Ne4 {[%emt 0:00:17]} f6 {[%emt
0:00:22]} 32. Bxf6 {[%emt 0:00:05]} Rf8 {[%emt 0:00:11]} 33. Bb2 {[%emt
0:00:13]} Nf5 {[%emt 0:00:07]} 34. Rg4 { [%emt 0:00:03]} Nd4 {[%emt 0:00:01]}
35. Rhg1 {[%emt 0:00:05]} Rg8 {[%emt 0:00:10]} 36. Nf6+ {[%emt 0:00:07]} gxf6
{[%emt 0:00:04]} 37. Rxg8 {[%emt 0:00:00]} Kh6 {[%emt 0:00:04]} 38. Rh8# {[%emt
0:00:04]} 1-0